Music Quiz

Random Music or Billboard Quiz

First Name Basis: Music Quiz Stats

 Plays Quiz Updated Mar 12, 2018

Challenge
Share
Tweet
Embed
Score 0/20 Timer 05:00
8 Plays Today
% Correct
Britney
90.5%
Billy
86.3%
George
86%
Ella
83.5%
Don
83.4%
Barbra
82.2%
Janis
78.7%
Miles
75.3%
Richard
75.3%
Pyotr
75.1%
% Correct
Ludwig
73.8%
Wolfgang
71.9%
Whitney
71.3%
John
70.8%
Mariah
61.7%
Antonio
58%
Hildegard
57.5%
Francesca
45.9%
Amy
19.5%
Clara
19.1%

You're not logged in!

Compare scores with friends on all Sporcle quizzes.
OR
Log In

You Might Also Like...

Show Comments

Extras

Top Quizzes Today


Score Distribution

Your Account Isn't Verified!

In order to create a playlist on Sporcle, you need to verify the email address you used during registration. Go to your Sporcle Settings to finish the process.

Report this User

Report this user for behavior that violates our Community Guidelines.

Details: